[Event "Quebec op U2000"]
[Site "Montreal CAN"]
[Date "1998.07.25"]
[Round "1"]
[White "Morissette, Jean"]
[Black "Lemieux, Pierre"]
[Result "0-1"]
[WhiteElo "1928"]
[BlackElo "1902"]
[PlyCount "94"]
[GameId "2160767911872695"]
[EventDate "1998.07.25"]
[EventType "swiss"]
[EventRounds "9"]
[EventCountry "CAN"]

1. d4 Nf6 2. c4 g6 3. Nf3 Bg7 4. Bf4 d6 5. h3 O-O 6. Nc3 b6 7. e3 Bb7 8. Be2 e6 9. O-O Qe7 10. b4 Ne4 11. Nxe4 Bxe4 12. Nd2 Bb7 13. Bf3 Bxf3 14. Qxf3 Nd7 15. Nb3 c5 16. bxc5 dxc5 17. Qb7 Rfe8 18. Bg3 e5 19. d5 e4 20. Rad1 Be5 21. Bxe5 Nxe5 22. Qxe7 Rxe7 23. Nd2 f5 24. f3 exf3 25. gxf3 a6 26. Rb1 b5 27. e4 fxe4 28. fxe4 Nxc4 29. Nxc4 bxc4 30. Rfe1 Re5 31. Rbc1 Rb8 32. Rxc4 Rb2 33. h4 Rxa2 34. Rxc5 Ra4 35. Rc7 Raxe4 36. Rxe4 Rxe4 37. d6 Rd4 38. d7 Kf8 39. Ra7 Ke7 40. Rxa6 Rxh4 41. Rd6 Kd8 42. Kg2 Rf4 43. Ra6 Rf7 44. Kg3 Rxd7 45. Kg4 Rd5 46. Ra7 h5+ 47. Kh4 Rd7 0-1

[Event "Quebec op U2000"]
[Site "Montreal CAN"]
[Date "1998.07.26"]
[Round "3"]
[White "Marcone, Malcom"]
[Black "Balogh, Alex"]
[Result "1-0"]
[WhiteElo "1742"]
[BlackElo "1904"]
[PlyCount "80"]
[GameId "2160767911872698"]
[EventDate "1998.07.25"]
[EventType "swiss"]
[EventRounds "9"]
[EventCountry "CAN"]

1. e4 c5 2. f4 g6 3. Nf3 Bg7 4. d3 Nc6 5. Be2 d6 6. O-O e6 7. c3 Nge7 8. Be3 O-O 9. a4 b6 10. Na3 d5 11. Bf2 f5 12. e5 a6 13. Bh4 Qc7 14. Rc1 Nd8 15. b4 Nf7 16. Qb3 h6 17. Bf2 Rb8 18. Nb1 g5 19. g3 Ng6 20. Be3 g4 21. Ne1 Rd8 22. Ng2 Bf8 23. Bd2 Be7 24. Ne3 h5 25. Kf2 Kg7 26. Na3 Bd7 27. b5 a5 28. Rfe1 h4 29. Bf1 Rh8 30. Bg2 hxg3+ 31. hxg3 Rh7 32. Rh1 Rbh8 33. Rxh7+ Rxh7 34. Qb1 Bc8 35. Rh1 Bb7 36. Rxh7+ Kxh7 37. Qh1+ Kg7 38. c4 d4 39. Nxf5+ exf5 40. Bxb7 Nd8 1-0

[Event "Quebec op U2000"]
[Site "Montreal CAN"]
[Date "1998.07.30"]
[Round "7"]
[White "Gauthier, Denis"]
[Black "Pare, Jean-Francois"]
[Result "1/2-1/2"]
[WhiteElo "1871"]
[BlackElo "1885"]
[PlyCount "114"]
[GameId "2160767911872701"]
[EventDate "1998.07.25"]
[EventType "swiss"]
[EventRounds "9"]
[EventCountry "CAN"]

1. d4 e5 2. dxe5 Nc6 3. Nf3 Qe7 4. g3 Nxe5 5. Bg2 Nxf3+ 6. Bxf3 c6 7. O-O d5 8. e4 dxe4 9. Bxe4 Nf6 10. Bg2 Bg4 11. Qd4 Qd6 12. Re1+ Be6 13. Qa4 Be7 14. Bf4 Qd7 15. c4 O-O 16. Nc3 Bc5 17. Rad1 Qe7 18. Nd5 cxd5 19. cxd5 Bxf2+ 20. Kxf2 Ng4+ 21. Kg1 Qc5+ 22. Qd4 Qxd4+ 23. Rxd4 Bd7 24. Re7 Nf6 25. Rc4 Rac8 26. b3 b5 27. Rc7 Rxc7 28. Bxc7 Rc8 29. d6 Kf8 30. Re5 Re8 31. Rxe8+ Nxe8 32. Bb7 f5 33. b4 Kf7 34. Bb8 Ke6 35. Bxa7 Nxd6 36. Bf3 Ne4 37. Bd4 g6 38. Be2 Kd5 39. Bb2 Bc6 40. Bd3 Kd6 41. Kf1 Nd2+ 42. Ke2 Ne4 43. Ke3 Ke6 44. Bc2 Bd5 45. a4 bxa4 46. Bxa4 g5 47. Bd4 Nd6 48. Ba7 Ke5 49. Bb8 f4+ 50. gxf4+ gxf4+ 51. Kf2 Ke6 52. b5 Ne4+ 53. Kg1 Nc3 54. Bc2 Nxb5 55. Bxf4 h5 56. h4 Bf3 57. Kf2 Bg4 1/2-1/2

[Event "Quebec op U2000"]
[Site "Montreal CAN"]
[Date "1998.07.31"]
[Round "8"]
[White "Paquet, Rejean"]
[Black "Nataf, Paul"]
[Result "1-0"]
[WhiteElo "1632"]
[BlackElo "1713"]
[PlyCount "53"]
[GameId "2160767911872703"]
[EventDate "1998.07.25"]
[EventType "swiss"]
[EventRounds "9"]
[EventCountry "CAN"]

1. e4 d5 2. exd5 Nf6 3. d4 Bg4 4. Be2 Bxe2 5. Qxe2 Qxd5 6. Nf3 Nc6 7. c3 O-O-O 8. Be3 e6 9. Nbd2 h6 10. b4 g5 11. c4 Qf5 12. b5 Nb4 13. O-O g4 14. Ne5 Rh7 15. Nb3 Nd7 16. a3 Nc2 17. Ra2 Nxe5 18. dxe5 Nxe3 19. Qxe3 Kb8 20. Nd4 Qg6 21. Rd1 Ka8 22. Rad2 b6 23. Nc6 Rxd2 24. Qxd2 Bd6 25. exd6 cxd6 26. Qxd6 Qg8 27. Qc7 1-0

[Event "Quebec-Moscow m"]
[Site "Qyebec CAN"]
[Date "1998.07.24"]
[Round "?"]
[White "Prokopchuk, Evgeny"]
[Black "Leveille, Francois"]
[Result "1-0"]
[WhiteElo "2500"]
[BlackElo "2330"]
[PlyCount "51"]
[GameId "2160767911872704"]
[EventDate "1998.07.24"]
[EventType "team"]
[EventRounds "3"]
[EventCountry "CAN"]
[SourceTitle "Echec+ 1998.11"]

1. c4 c6 2. e4 d5 3. exd5 cxd5 4. d4 Nf6 5. Nc3 e6 6. Nf3 Be7 7. cxd5 Nxd5 8. Bd3 Nc6 9. O-O O-O 10. Re1 Bf6 11. Be4 Qd6 12. Bb1 Nxc3 13. bxc3 b6 14. a4 Rd8 15. Ng5 Bxg5 16. Bxg5 Rd7 17. Qd3 g6 18. h4 Bb7 19. h5 e5 20. hxg6 hxg6 21. Qh3 Kg7 22. Qh6+ Kg8 23. Re4 Nxd4 24. cxd4 Bxe4 25. Bxe4 Re8 26. Bf5 1-0

[Event "Quebec-Tch"]
[Site "Montreal CAN"]
[Date "1998.02.28"]
[Round "1"]
[White "Linskiy, Oleg"]
[Black "Hudon, Paul"]
[Result "1/2-1/2"]
[WhiteElo "2379"]
[BlackElo "1979"]
[PlyCount "102"]
[GameId "2160767911873847"]
[EventDate "1998.02.28"]
[EventType "team"]
[EventRounds "4"]
[EventCountry "CAN"]

1. e4 e5 2. Nf3 Nc6 3. Bc4 Bc5 4. d3 d6 5. O-O Bg4 6. h3 Bh5 7. Be3 Bxe3 8. fxe3 Nf6 9. Nc3 Na5 10. Bb3 O-O 11. Qe1 c6 12. Nh4 Nxb3 13. axb3 d5 14. Nf5 Bg6 15. g4 dxe4 16. dxe4 Qc7 17. Qg3 Rfd8 18. Rf2 b5 19. Qf3 Rd7 20. Nxg7 Nxg4 21. Ne6 Qd6 22. hxg4 Qxe6 23. Ne2 Qe7 24. Ng3 Qg5 25. Kg2 Rad8 26. Raf1 Rd2 27. Rxd2 Rxd2+ 28. Rf2 Rxf2+ 29. Kxf2 Qh4 30. Ke2 Kf8 31. Nf5 Qf6 32. b4 Bxf5 33. exf5 Qd6 34. c3 Qd5 35. f6 Qc4+ 36. Ke1 Qd5 37. Qf5 Qh1+ 38. Kd2 Qd5+ 39. Kc2 Qg2+ 40. Kb3 Qd5+ 41. Ka3 Qe6 42. Qxe6 fxe6 43. g5 Kf7 44. Kb3 h5 45. gxh6 Kxf6 46. Kc2 e4 47. Kd2 Kg6 48. Ke2 Kxh6 49. Kf2 Kh5 50. Kg3 Kg5 51. Kh3 Kh5 1/2-1/2

[Event "Quebec-Tch"]
[Site "Montreal CAN"]
[Date "1998.02.28"]
[Round "2"]
[White "Dumesnil, Etienne"]
[Black "Linskiy, Oleg"]
[Result "0-1"]
[WhiteElo "1769"]
[BlackElo "2379"]
[PlyCount "60"]
[GameId "2160767911873849"]
[EventDate "1998.02.28"]
[EventType "team"]
[EventRounds "4"]
[EventCountry "CAN"]
[SourceTitle "Echec+ 1998.05"]

1. e4 c6 2. d4 d5 3. exd5 cxd5 4. c4 Nf6 5. Nc3 e6 6. Nf3 Be7 7. Be2 O-O 8. O-O Nc6 9. a3 b6 10. b4 Ne4 11. Nxe4 dxe4 12. b5 Na5 13. Ne5 Bb7 14. Bb2 Rc8 15. Rc1 Bd6 16. Qa4 Bb8 17. Rfd1 f6 18. Ng4 h5 19. Ne3 f5 20. d5 f4 21. dxe6 Qg5 22. Nd5 f3 23. Bf1 fxg2 24. Bxg2 Bxh2+ 25. Kf1 Bxd5 26. Rxd5 Rxf2+ 27. Kxf2 Rf8+ 28. Ke1 Qxg2 29. Rd8 Bg3+ 30. Kd1 Rxd8+ 0-1

[Event "Quebec-Tch"]
[Site "Montreal CAN"]
[Date "1998.03.01"]
[Round "3"]
[White "Boulay, David"]
[Black "Destree, Frederic"]
[Result "0-1"]
[WhiteElo "1841"]
[BlackElo "1849"]
[PlyCount "94"]
[GameId "2160767911873850"]
[EventDate "1998.02.28"]
[EventType "team"]
[EventRounds "4"]
[EventCountry "CAN"]
[SourceTitle "Echec+ 1998.05"]

1. e4 d6 2. d4 Nf6 3. Nc3 g6 4. Nf3 Bg7 5. h3 O-O 6. Be3 c6 7. a4 Nbd7 8. Be2 Qc7 9. O-O b6 10. Qd2 Bb7 11. Bh6 a6 12. Bxg7 Kxg7 13. Qe3 e5 14. dxe5 dxe5 15. Rfd1 Rfe8 16. Nd2 b5 17. Bf3 Rad8 18. g3 Nf8 19. Nb3 Ne6 20. Nc5 Nd4 21. Rac1 b4 22. Na2 a5 23. c3 Nxf3+ 24. Qxf3 b3 25. Nxb3 Qb6 26. c4 Rxd1+ 27. Rxd1 Nxe4 28. Rd7 Nf6 29. c5 Qa6 30. Rd6 Nd5 31. Nc3 Nxc3 32. Qxc3 Qe2 33. Nxa5 Ba6 34. Qe3 Qxb2 35. h4 Be2 36. Nxc6 Bg4 37. Kh2 h5 38. a5 Kg8 39. Qd2 Qa1 40. Qh6 Qa4 41. Nd8 Qc2 42. Qe3 e4 43. Nc6 Qb1 44. Nd4 Qf1 45. f4 exf3 46. Qxe8+ Kg7 47. Qe5+ Kh7 0-1

[Event "Quebec-Tch"]
[Site "Montreal CAN"]
[Date "1998.03.01"]
[Round "3"]
[White "Linskiy, Oleg"]
[Black "Milicevic, Goran"]
[Result "1-0"]
[WhiteElo "2379"]
[BlackElo "2337"]
[PlyCount "47"]
[GameId "2160767911873851"]
[EventDate "1998.02.28"]
[EventType "team"]
[EventRounds "4"]
[EventCountry "CAN"]
[SourceTitle "Echec+ 1998.05"]

1. Nf3 d5 2. d4 e6 3. c4 Nf6 4. Nc3 Bb4 5. Bg5 c6 6. Qc2 Nbd7 7. e3 Qa5 8. Nd2 dxc4 9. Bxf6 Nxf6 10. Nxc4 Qg5 11. a3 Bxc3+ 12. bxc3 O-O 13. Ne5 Nd7 14. f4 Qe7 15. Bd3 Nxe5 16. fxe5 Qh4+ 17. g3 Qh3 18. Rf1 Qh6 19. Rf4 Bd7 20. Qe2 Qg5 21. Rg4 Qd8 22. Rxg7+ Kxg7 23. Qg4+ Kh8 24. Qh5 1-0

[Event "Quebec-Tch"]
[Site "Montreal CAN"]
[Date "1998.03.01"]
[Round "4"]
[White "Falardeau, Bruno"]
[Black "Linskiy, Oleg"]
[Result "0-1"]
[WhiteElo "1628"]
[BlackElo "2379"]
[PlyCount "46"]
[GameId "2160767911873852"]
[EventDate "1998.02.28"]
[EventType "team"]
[EventRounds "4"]
[EventCountry "CAN"]

1. e4 d5 2. exd5 Qxd5 3. Nc3 Qa5 4. Nf3 Nf6 5. Bc4 Bg4 6. d3 e6 7. Be3 c6 8. O-O Nbd7 9. d4 Bb4 10. Bd2 O-O 11. a3 Bxc3 12. Bxc3 Qc7 13. Re1 Rad8 14. h3 Bh5 15. Bd3 Rfe8 16. b3 Nf8 17. Bb2 Nd5 18. c4 Nf4 19. Bc2 c5 20. d5 exd5 21. Be5 Rxe5 22. Rxe5 Bxf3 23. Qxf3 Qxe5 0-1

[Event "Quebec-ch"]
[Site "Montreal CAN"]
[Date "1998.06.04"]
[Round "1"]
[White "Fillion, Steve"]
[Black "Tremblay, Sylvain"]
[Result "1/2-1/2"]
[WhiteElo "2119"]
[BlackElo "2154"]
[PlyCount "110"]
[GameId "2160767911872924"]
[EventDate "1998.06.04"]
[EventType "tourn"]
[EventRounds "9"]
[EventCountry "CAN"]

1. d4 Nf6 2. c4 e6 3. Nf3 Bb4+ 4. Nbd2 d5 5. e3 O-O 6. Bd3 dxc4 7. Bxc4 c5 8. a3 Bxd2+ 9. Bxd2 cxd4 10. Nxd4 e5 11. Nf3 Nc6 12. Bc3 Qc7 13. Rc1 Bg4 14. h3 Bh5 15. Be2 Rad8 16. Qc2 Rfe8 17. O-O Bg6 18. Qa4 Ne4 19. Bb5 Nc5 20. Qc4 Nd3 21. Rcd1 a6 22. Bxc6 bxc6 23. Qxa6 Rd5 24. Rd2 h6 25. Rfd1 Red8 26. Qc4 e4 27. Ne1 Qd7 28. Nxd3 Rxd3 29. Rxd3 exd3 30. Qd4 Qxd4 31. Bxd4 Ra8 32. f3 Ra4 33. Rc1 Rc4 34. Bc3 f6 35. Kf2 c5 36. Ke1 Ra4 37. Rd1 c4 38. Kd2 Ra6 39. Bb4 Ra8 40. Rc1 Bf7 41. Ra1 Be8 42. Kc3 Bb5 43. Kd4 Rb8 44. a4 Bxa4 45. Kxc4 Bc2 46. Bc3 Rc8+ 47. Kb4 Rd8 48. Bd2 Rb8+ 49. Kc3 Rb3+ 50. Kd4 Rxb2 51. e4 g5 52. Ke3 Rb6 53. h4 Kf7 54. hxg5 hxg5 55. g4 Rc6 1/2-1/2

[Event "Quebec-ch"]
[Site "Montreal CAN"]
[Date "1998.06.04"]
[Round "1"]
[White "Hua, Lefong"]
[Black "Goldenberg, Danny"]
[Result "1/2-1/2"]
[WhiteElo "2231"]
[BlackElo "2263"]
[PlyCount "54"]
[GameId "2160767911872925"]
[EventDate "1998.06.04"]
[EventType "tourn"]
[EventRounds "9"]
[EventCountry "CAN"]

1. e4 c5 2. Nc3 Nc6 3. g3 g6 4. Bg2 Bg7 5. d3 d6 6. Be3 e5 7. Qd2 Be6 8. Nge2 Nge7 9. Bh6 O-O 10. Bxg7 Kxg7 11. f4 f5 12. O-O Rb8 13. Nd5 Nd4 14. Nxd4 exd4 15. Nxe7 Qxe7 16. Rfe1 Qf7 17. c3 dxc3 18. Qxc3+ Kh6 19. d4 fxe4 20. dxc5 d5 21. Rad1 Qf6 22. Re3 Qxc3 23. Rxc3 g5 24. f5 Rxf5 25. Bh3 Re5 26. Bxe6 Rxe6 27. Rxd5 Kg6 1/2-1/2

[Event "Quebec-ch"]
[Site "Montreal CAN"]
[Date "1998.06.04"]
[Round "1"]
[White "Wenaas, Eric"]
[Black "Leveille, Francois"]
[Result "1-0"]
[WhiteElo "2172"]
[BlackElo "2330"]
[PlyCount "103"]
[GameId "2160767911872926"]
[EventDate "1998.06.04"]
[EventType "tourn"]
[EventRounds "9"]
[EventCountry "CAN"]

1. Nf3 f5 2. c4 Nf6 3. g3 g6 4. Bg2 Bg7 5. O-O O-O 6. Nc3 d6 7. d3 Nc6 8. Rb1 a5 9. a3 Nh5 10. Bd2 f4 11. b4 axb4 12. axb4 e5 13. b5 Nd4 14. Nxd4 exd4 15. Nd5 Be5 16. Ra1 Rxa1 17. Qxa1 Bg4 18. Nxf4 Nxf4 19. gxf4 Bg7 20. Qe1 Qa8 21. e4 Qa3 22. f3 Bd7 23. Qb1 Bh6 24. Kh1 Ra8 25. Bc1 Qc5 26. f5 Be3 27. fxg6 hxg6 28. f4 Kf7 29. f5 Rh8 30. Bxe3 dxe3 31. Qb2 Qe5 32. Qxe5 dxe5 33. fxg6+ Kxg6 34. Re1 Ra8 35. h3 Ra2 36. Rxe3 Rd2 37. Kh2 Kg5 38. Kg3 Be6 39. Bf3 Bd7 40. Bg4 Bxg4 41. hxg4 c6 42. bxc6 bxc6 43. Rf3 Kg6 44. Kh3 Rd1 45. Kg2 Rd2+ 46. Kg3 Rd1 47. Kf2 Kg5 48. Rf5+ Kxg4 49. Ke2 Rh1 50. Rxe5 Rh2+ 51. Ke3 Rh3+ 52. Kd4 1-0

[Event "Quebec-ch"]
[Site "Montreal CAN"]
[Date "1998.06.05"]
[Round "2"]
[White "Goldenberg, Danny"]
[Black "Leveille, Francois"]
[Result "1/2-1/2"]
[WhiteElo "2263"]
[BlackElo "2330"]
[PlyCount "81"]
[GameId "2160767911872927"]
[EventDate "1998.06.04"]
[EventType "tourn"]
[EventRounds "9"]
[EventCountry "CAN"]

1. e4 c6 2. d4 d5 3. Nc3 dxe4 4. Nxe4 Bf5 5. Ng3 Bg6 6. h4 h6 7. f4 e6 8. Nf3 Nd7 9. h5 Bh7 10. Bd3 Bxd3 11. Qxd3 Ngf6 12. Bd2 Qc7 13. O-O-O O-O-O 14. Ne5 Nb6 15. Qe3 c5 16. dxc5 Bxc5 17. Qe2 Rhe8 18. Rhf1 Kb8 19. Rf3 Rc8 20. Ne4 Nfd5 21. Nxc5 Qxc5 22. Be3 Nxe3 23. Rxe3 f6 24. Rc3 Qa5 25. Ra3 Qb4 26. Nd3 Qd4 27. g3 Nc4 28. Rb3 e5 29. Nxe5 fxe5 30. Rxd4 exd4 31. Qf2 Ne3 32. c3 d3 33. Kd2 Rcd8 34. Rb4 Ng4 35. Rxb7+ Kxb7 36. Qf3+ Kb8 37. Qxg4 Re2+ 38. Kd1 Rxb2 39. Qxg7 d2 40. Qe5+ Ka8 41. Qe4+ 1/2-1/2

[Event "Quebec-ch"]
[Site "Montreal CAN"]
[Date "1998.06.05"]
[Round "2"]
[White "Tremblay, Sylvain"]
[Black "Wenaas, Eric"]
[Result "0-1"]
[WhiteElo "2154"]
[BlackElo "2172"]
[PlyCount "92"]
[GameId "2160767911872931"]
[EventDate "1998.06.04"]
[EventType "tourn"]
[EventRounds "9"]
[EventCountry "CAN"]

1. Nf3 Nf6 2. g3 g6 3. b3 Bg7 4. Bb2 O-O 5. Bg2 c5 6. c4 Nc6 7. O-O d6 8. d4 cxd4 9. Nxd4 Bd7 10. Nd2 a6 11. Rb1 Rb8 12. a3 Qa5 13. e3 Bg4 14. f3 Bd7 15. b4 Qh5 16. Re1 Rfc8 17. Ne2 g5 18. Nf1 Be6 19. Rc1 Qg6 20. Nd2 Ne5 21. Bxe5 dxe5 22. c5 Rd8 23. Qc2 Qd3 24. Nf1 Qxa3 25. Rb1 Qd3 26. Qb2 Nd5 27. Red1 Qb5 28. e4 Nc7 29. Nc3 Qc6 30. Ne3 a5 31. Ncd5 Bxd5 32. exd5 Nxd5 33. Nf5 Bf6 34. f4 exf4 35. Qd2 e6 36. gxf4 axb4 37. fxg5 Qxc5+ 38. Kh1 Nc3 39. Nh6+ Kf8 40. Qf4 Qxg5 41. Qxb4+ Kg7 42. Rg1 Qxh6 43. Bxb7+ Kh8 44. Rbf1 Rg8 45. Rxg8+ Rxg8 46. Bg2 Qg5 0-1

[Event "Quebec-ch"]
[Site "Montreal CAN"]
[Date "1998.06.06"]
[Round "3"]
[White "Fillion, Steve"]
[Black "Linskiy, Oleg"]
[Result "1/2-1/2"]
[WhiteElo "2119"]
[BlackElo "2388"]
[PlyCount "118"]
[GameId "2160767911872934"]
[EventDate "1998.06.04"]
[EventType "tourn"]
[EventRounds "9"]
[EventCountry "CAN"]

1. d4 Nf6 2. Nf3 c5 3. e3 g6 4. c4 cxd4 5. Nxd4 Nc6 6. Nxc6 bxc6 7. b3 Bg7 8. Bb2 O-O 9. Be2 Qc7 10. Qc2 d6 11. Nd2 a5 12. O-O Bf5 13. Bd3 Bxd3 14. Qxd3 Rfb8 15. Bc3 Qb6 16. Rab1 Qc5 17. h3 Qa3 18. Qc2 Rb7 19. Bb2 Qc5 20. Bd4 Qa3 21. Bb2 Qb4 22. Bc3 Qb6 23. e4 Qc5 24. Rfe1 e5 25. g3 Nd7 26. Red1 f5 27. exf5 gxf5 28. Qxf5 d5 29. Qe6+ Kh8 30. Ne4 dxe4 31. Rxd7 Rxd7 32. Qxd7 e3 33. Kg2 Rf8 34. f3 Kg8 35. Re1 Qa3 36. Re2 Qc1 37. Qe6+ Rf7 38. Qe8+ Rf8 39. Qe6+ Rf7 40. Bxa5 Qd1 41. Rxe3 Qc2+ 42. Kg1 Qc1+ 43. Re1 Qc2 44. Bb4 Qxa2 45. Rd1 Qa7+ 46. Kg2 c5 47. Rd8+ Bf8 48. Bxc5 Qxc5 49. Rd7 Be7 50. Rb7 Qd6 51. Qc8+ Kg7 52. Qg4+ Kh8 53. Rd7 Qf6 54. Qe4 Qe6 55. Qd5 Qf5 56. Rxe7 Qc2+ 57. Kg1 Qc1+ 58. Kg2 Qc2+ 59. Kg1 Qc1+ 1/2-1/2

[Event "Quebec-ch"]
[Site "Montreal CAN"]
[Date "1998.06.06"]
[Round "3"]
[White "Leveille, Francois"]
[Black "Tremblay, Sylvain"]
[Result "0-1"]
[WhiteElo "2330"]
[BlackElo "2154"]
[PlyCount "70"]
[GameId "2160767911872935"]
[EventDate "1998.06.04"]
[EventType "tourn"]
[EventRounds "9"]
[EventCountry "CAN"]

1. d4 Nf6 2. c4 e6 3. Nc3 Bb4 4. Bg5 h6 5. Bh4 c5 6. d5 b5 7. dxe6 fxe6 8. cxb5 d5 9. e3 O-O 10. a3 Bxc3+ 11. bxc3 Qa5 12. Bxf6 Rxf6 13. Qd2 a6 14. bxa6 Nc6 15. Nf3 e5 16. Qxd5+ Be6 17. Qd2 e4 18. Ng1 Rd8 19. Qc1 Ne5 20. f4 exf3 21. Nxf3 Nxf3+ 22. gxf3 Rxf3 23. Be2 Bd5 24. Bxf3 Bxf3 25. O-O Be2 26. Qc2 Qxa6 27. Rf2 Bd3 28. Qa2+ Bc4 29. Qb1 Qe6 30. Qf5 Qxe3 31. Rb1 Bd3 32. Qf7+ Kh7 33. Ra1 Rd6 34. Raa2 Be4 35. Rae2 Rd1+ 0-1

[Event "Quebec-ch"]
[Site "Montreal CAN"]
[Date "1998.06.07"]
[Round "4"]
[White "Goldenberg, Danny"]
[Black "Tremblay, Sylvain"]
[Result "1-0"]
[WhiteElo "2263"]
[BlackElo "2154"]
[PlyCount "58"]
[GameId "2160767911872938"]
[EventDate "1998.06.04"]
[EventType "tourn"]
[EventRounds "9"]
[EventCountry "CAN"]

1. e4 e5 2. Nf3 Nc6 3. Bc4 Nf6 4. d3 Be7 5. O-O d6 6. c3 O-O 7. Re1 Na5 8. Bb5 c5 9. Nbd2 Qc7 10. Nf1 a6 11. Ba4 b5 12. Bc2 c4 13. d4 Bg4 14. h3 Bh5 15. Ng3 Bg6 16. Nf5 Bxf5 17. exf5 exd4 18. Nxd4 h6 19. Bf4 Rfe8 20. a4 Qc5 21. axb5 axb5 22. Qf3 d5 23. g4 b4 24. Rad1 b3 25. Bb1 Nc6 26. h4 Bd6 27. Be3 Ne5 28. Qg2 Nexg4 29. Ne6 Nxe3 1-0

[Event "Quebec-ch"]
[Site "Montreal CAN"]
[Date "1998.06.07"]
[Round "4"]
[White "Hua, Lefong"]
[Black "Fillion, Steve"]
[Result "1-0"]
[WhiteElo "2231"]
[BlackElo "2119"]
[PlyCount "97"]
[GameId "2160767911872939"]
[EventDate "1998.06.04"]
[EventType "tourn"]
[EventRounds "9"]
[EventCountry "CAN"]

1. d4 d5 2. c4 c6 3. cxd5 cxd5 4. Nc3 Nf6 5. Bf4 e6 6. e3 Bd6 7. Nf3 Nc6 8. Bd3 O-O 9. Ne5 Qc7 10. O-O a6 11. Rc1 Bd7 12. Bg3 Rfc8 13. f4 Be8 14. Bh4 Nd7 15. Qg4 f5 16. Qh3 Nf6 17. Bxf6 gxf6 18. Bxf5 exf5 19. Nxd5 Qd8 20. Nc4 Bg6 21. Nxd6 Qxd6 22. Nb6 Re8 23. Nxa8 Rxa8 24. Rfd1 Nb4 25. a3 Nd5 26. Qf3 Qe6 27. Re1 Re8 28. Kf2 Re7 29. Rc5 Bf7 30. h3 Qe4 31. Qxe4 Rxe4 32. g4 fxg4 33. hxg4 Kg7 34. Kf3 f5 35. gxf5 Nf6 36. Rg1+ Kh6 37. Re5 Bh5+ 38. Kg3 Be2 39. Rh1+ Kg7 40. Rc1 Bd3 41. Rc7+ Kf8 42. Rxb7 Nh5+ 43. Kf3 Rxe5 44. dxe5 Bxf5 45. e4 Bg6 46. f5 Bf7 47. e6 Be8 48. Rxh7 Nf6 49. Ra7 1-0

[Event "Quebec-ch"]
[Site "Montreal CAN"]
[Date "1998.06.07"]
[Round "4"]
[White "Linskiy, Oleg"]
[Black "Wenaas, Eric"]
[Result "1-0"]
[WhiteElo "2388"]
[BlackElo "2172"]
[PlyCount "109"]
[GameId "2160767911872941"]
[EventDate "1998.06.04"]
[EventType "tourn"]
[EventRounds "9"]
[EventCountry "CAN"]

1. e4 e5 2. Nf3 Nc6 3. Bb5 a6 4. Ba4 Nf6 5. O-O b5 6. Bb3 Bb7 7. d4 Nxd4 8. Nxd4 exd4 9. e5 Ne4 10. c3 d3 11. Qf3 Qe7 12. Nd2 Nc5 13. Bd5 c6 14. Ne4 Nxe4 15. Bxe4 g6 16. Qxd3 Bg7 17. f4 O-O 18. Be3 Rfe8 19. Rad1 Bc8 20. Bf3 d5 21. exd6 Qxe3+ 22. Qxe3 Rxe3 23. d7 Bxd7 24. Rxd7 Rc8 25. Rfd1 Bf6 26. Kf2 Rce8 27. R1d6 R8e6 28. Bg4 Rxd6 29. Rxd6 Be7 30. Rd4 c5 31. Kxe3 cxd4+ 32. Kxd4 b4 33. c4 Bf6+ 34. Kd5 Kf8 35. b3 Ke7 36. Kc6 Bd4 37. Bc8 a5 38. c5 f5 39. Kb5 Be3 40. h3 Kd8 41. Be6 h6 42. Bf7 g5 43. fxg5 hxg5 44. Bg6 f4 45. c6 Kc7 46. Kxa5 Bd2 47. Be4 Be1 48. Kb5 Bd2 49. Kc5 Be1 50. Kd5 Bf2 51. Ke5 Be1 52. Kf5 Bh4 53. Bf3 Kd6 54. g3 fxg3 55. Bg2 1-0

[Event "Quebec-ch"]
[Site "Montreal CAN"]
[Date "1998.06.08"]
[Round "5"]
[White "Leveille, Francois"]
[Black "Linskiy, Oleg"]
[Result "0-1"]
[WhiteElo "2330"]
[BlackElo "2388"]
[PlyCount "160"]
[GameId "2160767911872944"]
[EventDate "1998.06.04"]
[EventType "tourn"]
[EventRounds "9"]
[EventCountry "CAN"]

1. d4 Nf6 2. Nf3 e6 3. Bg5 c5 4. e3 h6 5. Bh4 b6 6. d5 g5 7. Bg3 Nxd5 8. c4 Nf6 9. Nc3 d6 10. Qa4+ Bd7 11. Qc2 Bc6 12. O-O-O Nbd7 13. Be2 Qc7 14. h3 a6 15. Rd2 O-O-O 16. Rhd1 Ne8 17. Ne4 Ndf6 18. Nc3 Be7 19. e4 Nh5 20. Bh2 Nf4 21. Bf1 Nf6 22. Ng1 Qb7 23. f3 Rhf8 24. Kb1 Ne8 25. Kc1 Ng6 26. Nge2 Ne5 27. Ng3 Nf6 28. Be2 h5 29. Nf1 Rg8 30. Ne3 g4 31. hxg4 hxg4 32. Bxe5 dxe5 33. Rxd8+ Bxd8 34. Nxg4 Nxg4 35. fxg4 Bg5+ 36. Kb1 Be3 37. Rh1 Bd4 38. Bf3 f6 39. Rh6 Qg7 40. Rh5 Qg6 41. Ne2 Rd8 42. a3 Kc7 43. Ka2 Be3 44. Qb3 Bd2 45. Qc2 Ba5 46. Qb1 Bd2 47. Qc2 Rd7 48. Ka1 Qe8 49. Rh1 Bg5 50. Rd1 Qd8 51. Rxd7+ Qxd7 52. b3 Qh7 53. Kb2 Qh1 54. Qb1 Qh7 55. Qd3 Qh4 56. Qd1 Qf2 57. Qg1 Qh4 58. Qd1 Be3 59. Kc2 Qf2 60. Kd3 Kd6 61. a4 Bd4 62. Qd2 Qf1 63. Qc1 Qf2 64. Qh6 Qe1 65. Qc1 Qb4 66. Qc2 Ke7 67. Nc1 b5 68. axb5 axb5 69. Qd2 bxc4+ 70. bxc4 Ba4 71. g5 f5 72. Qxb4 cxb4 73. exf5 exf5 74. g4 fxg4 75. Bxg4 b3 76. Nxb3 Bxb3 77. Bf5 Ba2 78. Bc8 Bb1+ 79. Ke2 Kf7 80. Kf3 Kg6 0-1

[Event "Quebec-ch"]
[Site "Montreal CAN"]
[Date "1998.06.08"]
[Round "5"]
[White "Wenaas, Eric"]
[Black "Hua, Lefong"]
[Result "1/2-1/2"]
[WhiteElo "2172"]
[BlackElo "2231"]
[PlyCount "56"]
[GameId "2160767911872946"]
[EventDate "1998.06.04"]
[EventType "tourn"]
[EventRounds "9"]
[EventCountry "CAN"]

1. Nf3 c5 2. c4 Nf6 3. g3 g6 4. Bg2 Bg7 5. O-O Nc6 6. Nc3 O-O 7. d4 cxd4 8. Nxd4 Nxd4 9. Qxd4 d6 10. Qd3 Nd7 11. b3 Nc5 12. Qd2 Be6 13. Bb2 Qd7 14. Rfd1 Rab8 15. Rac1 Rfc8 16. Nd5 Bxb2 17. Qxb2 b5 18. cxb5 Bxd5 19. Bxd5 Qxb5 20. Qd2 Qb6 21. Bf3 Nd7 22. Rxc8+ Rxc8 23. Qg5 Nf6 24. Rc1 Rxc1+ 25. Qxc1 Qa5 26. a3 Kg7 27. b4 Qa4 28. Qc3 h5 1/2-1/2

[Event "Quebec-ch"]
[Site "Montreal CAN"]
[Date "1998.06.10"]
[Round "6"]
[White "Hua, Lefong"]
[Black "Leveille, Francois"]
[Result "0-1"]
[WhiteElo "2231"]
[BlackElo "2330"]
[PlyCount "60"]
[GameId "2160767911872950"]
[EventDate "1998.06.04"]
[EventType "tourn"]
[EventRounds "9"]
[EventCountry "CAN"]

1. e4 e6 2. d4 d5 3. Nd2 dxe4 4. Nxe4 Nd7 5. Nf3 Ngf6 6. Nxf6+ Nxf6 7. Bg5 h6 8. Bh4 Be7 9. Bd3 c5 10. O-O cxd4 11. Bb5+ Bd7 12. Bxd7+ Qxd7 13. Qxd4 Qxd4 14. Nxd4 O-O-O 15. Rad1 Rd5 16. c4 Ra5 17. a3 Ra4 18. Rc1 Rd8 19. Nf3 g5 20. Bg3 Ne4 21. Rfe1 f5 22. Be5 Bc5 23. Re2 g4 24. Ne1 Nxf2 25. Rxf2 Rd2 26. Bg3 f4 27. Kh1 Bxf2 28. Bxf4 Bxe1 29. Rxe1 Rxb2 30. Bxh6 Rxc4 0-1